| 000 | 00737 a2200217 4500 | ||
|---|---|---|---|
| 003 | Nust | ||
| 005 | 20241029163641.0 | ||
| 010 | _a 2004270396 | ||
| 020 | _a0131139614 | ||
| 040 | _cNust | ||
| 082 | 0 | 0 | _a621.3,RAO |
| 100 | 1 |
_aRao, Nannapaneni Narayana _965654 |
|
| 245 | 1 | 0 |
_aElements of engineering electromagnetics / _cNannapaneni Narayana Rao. |
| 250 | _a6th ed. | ||
| 260 |
_aUpper Saddle River, N.J. : _bPearson Prentice Hall, _cc2006. |
||
| 300 |
_axxiii, 831 p. : _bill. ; _c25 cm. |
||
| 440 | 0 |
_aIllinois ECE series _9101433 |
|
| 505 | _aPart 1: Essential Elements for Electrical and Computer Engineering (Page-1), Essential / Elective Elements (Page-437). | ||
| 650 | 0 | _aTelecommunication Engineering | |
| 942 |
_2ddc _cBK |
||
| 999 |
_c188468 _d188468 |
||